000 00267nam a2200097Ia 4500
001 653871
005 20250826154506.0
008 250824s9999 xx 000 0 und d
245 0 _a ZAMANDA GEZİNEN ÜÇ KAFADAR YIL 2095
_cJON SCİESZKA
260 _bGÜNIŞIĞI YAYINLARI
999 _c653871
_d653871